00654 a2200157 4500003000500000005001700005040000900022082001200031100002500043245004700068250000800115260003900123300001400162505030800176650001200484Nust20230724111248.0 cNust a530,SAL aSaleemi, Mrs. Fouzia aPhysics-11 /cProf Dr.Mrs. Fouzia Saleemi, a1st aPujab Textbook BoardbLahorec2011 aii, 280 p aMeasurements (Page-1), Vector and Equilibrium (Page-22), Motion and Force (Page-48), Work and Energy (Page-77), Circular Motions (Page-99), Fluid Dynamic (Page-127), Oscillations (Page-141), Waves (Page-161), Physics Optics (Page-193),,Optical Instruction (Page-214), Heat and Thermodynamics (Page-236). aPhysics